Statistiken für Deutsche Geschichte - Februar

Klicken Sie hier um das Quiz zu spielen!

Allgemein

  • Dieses Quiz wurde 63 mal gespielt
  • Das Durchschnittsergebnis liegt bei 16 aus 29

Antwortstatistiken

TagJahrFrageAntwort% Korrekt
51982Diesem Bundeskanzler wird die Vertrauensfrage gestellt und er wird im Amt bestätigtSHelmut Schmidt
96%
81971Dieser Verteidigungsminister ermöglicht Soldaten der Bundeswehr mit dem Haarnetz-Erlass das Tragen langer HaareSHelmut Schmidt
96%
61919In dieser Stadt tritt die Deutsche Nationalversammlung erstmals zusammenWWeimar
89%
2962Dieser deutsche König aus dem Geschlecht der Liudolfinger wird von Papst Johannes XII. zum Kaiser gekröntOOtto I.
88%
271925Diese 1923 vom Chef der Heeresleitung Hans von Seeckt verbotene Partei wird neu gegründetNNSDAP
84%
221943
Die Widerstandskämpfer Hans & Sophie Scholl werden hingerichtet
Sie waren Teil dieser Widerstandsgruppe
WWeiße Rose
84%
261849In diesem deutschen Staat kommen erstmals das Abgeordneten- und Herrenhaus zusammenPPreußen
81%
121742Dieser Wittelsbacher wird zum römisch-deutschen König gekröntKKarl VII.
79%
211848In London veröffentlichen Karl Marx und Friedrich Engels dieses ManifestD{Das Kommunistische} Manifest
74%
11733Dieser sächsische Kurfürst und polnische König stirbt bei WarschauA{August} II. der Starke
72%
111919
Die Deutsche Nationalversammlung wählt diesen Sozialdemokraten zum Reichspräsidenten
Die neue Verfassung des Deutschen Reiches, nach der der Reichspräsident vom Volk direkt auf 7 Jahre gewählt wird, wurde erst einige Monate später verabschiedet. Dieser Reichspräsident verstarb in seiner ersten Amtszeit, Hindenburg wurde hingegen 1925 & 1932 direkt gewählt
EFriedrich Ebert
72%
131991Die RAF verübt einen Anschlag auf die Botschaft dieses Landes in BonnVVereinigte Staaten
67%
172012Dieser deutsche Bundespräsident tritt zurückWChristian Wulff
61%
251634Dieser abgesetzte Feldherr wird von kaisertreuen Offizieren getötetWWallenstein
61%
162001Dieser Bundespräsident unterzeichnet ein Gesetz, das Homosexuellen die eingetragene Lebenspartnerschaft ermöglichtRJohannes Rau
60%
141939In Hamburg läuft dieses Schlachtschiff vom StapelBBismarck
56%
232002Die Polizei stellt dieses von Raubgräbern 1999 gefundene bronzezeitliche Artefakt sicherNHimmelsscheibe von {Nebra}
53%
71992Mit diesem Vertrag über die europäische Integration wird die EG in Europäische Union umbenanntMVertrag von {Maastricht}
51%
201810Dieser Tiroler Freiheitskämpfer wird in Mantua hingerichtetHAndreas Hofer
47%
241527
Dieser Habsburger wird der erste König von Böhmen aus dem Haus Habsburg
Zuvor waren die litauischstämmigen Jagiellonen Könige von Böhmen
FFerdinand I.
46%
91978Dieser Film startet in den deutschen KinosK|SKrieg der Sterne | Star Wars
37%
31945Dieser Richter und Nationalsozialist der für ungefähr 2600 Todesurteile (u.a. an den Widerstandskämpfern Hans & Sophie Scholl, Erwin von Witzleben und Helmuth James Graf von Moltke) verantwortlich ist stirbt während eines alliierten LuftangriffsFRoland Freisler
33%
101920In diesem Abstimmungsgebiet stimmt eine Mehrheit (74,4%) für den Beitritt zu Dänemark. Eine Minderheit (25%) stimmt für den Verbleib beim Deutschen ReichNNordschleswig
30%
181946
Dieser als Löwe von Münster bekannte Bischof wird zum Kardinal ernannt
Er ist bekannt für seine wiederholte öffentliche Kritik an der nationalsozialistischen Ideologie und an der sogenannten Vernichtung lebensunwerten Lebens
GClemens August Graf von Galen
16%
41454Der Preußische Bund beginnt diesen Krieg gegen den Deutschen OrdenD{Dreizehnjähriger} Krieg
9%
291920Im Vorfeld des Kapp-Putsches löst dieser sozialdemokratische Reichswehrminister die Marinebrigade Ehrhardt und das Freikorps Loewenfeld aufNGustav Noske
7%
151763Mit diesem Vertrag wird der Dritte Schlesische (Siebenjährige) Krieg beendetHFriede von {Hubertusburg}
5%
281616
Die Rädelsführer dieses von Pogromen begleiteten Aufstandes in Frankfurt 1614 werden öffentlich hingerichtet
Der Aufstand ist nach einem seiner Radelsführer (und Lebkuchenbäcker) benannt
F{Fettmilch}-Aufstand
4%
191919Diese sozialdemokratische Abgeordnete hält als erste Frau in einem deutschen Parlament eine RedeJMarie Juchacz
4%

Verteilung der Resultate

Perzentil nach korrekt beantworteten Fragen

Anzahl Personen mit jedem Resultat

Ihre Resultats-Entwicklung

Sie haben dieses Quiz noch nicht gespielt